000 00470 a2200169 4500
001 189100
020 _a978-85-260-1506-7
040 _cMagnum
100 _aAcademia Brasileira de Letras
240 1 0 _aPequeno vocabulário ortográfico da língua portuguesa
_lpor
245 1 0 _aPequeno vocabulário ortográfico da língua portuguesa
300 _a379
362 0 _a2011
440 1 _aGlobal
697 _aLÍNGUA, TEORIA DA LITERATURA E GRAMÁTICA
942 _cBK
999 _c189100
_d189100